[Event "AUT-ch U16"]
[Site "St Veit"]
[Date "2015.03.29"]
[Round "1.2"]
[White "Huber, Martin Christian"]
[Black "Kuhn, Michael"]
[Result "1-0"]
[WhiteElo "2282"]
[BlackElo "1913"]
[PlyCount "123"]
[EventDate "2015.03.29"]
[EventType "swiss"]
[EventRounds "7"]
[EventCountry "AUT"]
[SourceTitle "EXT 2024"]
[Source "ChessBase"]
[SourceDate "2023.10.10"]
[SourceVersion "1"]
[SourceVersionDate "2023.10.10"]
[SourceQuality "1"]

1. d4 d5 2. c4 c6 3. Nf3 Nf6 4. Nc3 dxc4 5. a4 Bf5 6. Nh4 Bg6 7. Nxg6 hxg6 8. e4 e6 9. Bxc4 Bb4 10. Qd3 Nbd7 11. 0-0 a5 12. e5 Ng4 13. Bxe6 Nxh2 14. Bxd7+ Qxd7 15. Rd1 Bxc3 16. bxc3 Qg4 17. f3 Qg3 18. Qe3 Rh3 19. Bd2 0-0-0 20. Be1 Nxf3+ 21. Qxf3 Qh2+ 22. Kf2 Rxf3+ 23. Kxf3 Rh8 24. Bg3 Qh5+ 25. Kf2 Qf5+ 26. Kg1 Qc2 27. Rdc1 Qd3 28. Bf2 g5 29. Rd1 Qxc3 30. Rac1 Qb3 31. d5 Qxa4 32. dxc6 bxc6 33. Rd6 Rh6 34. Rd4 Qb5 35. Rcd1 Qxe5 36. Rd8+ Kb7 37. Rb1+ Qb5 38. Rd7+ Kc8 39. Rxb5 Kxd7 40. Rxg5 Rd6 41. Rxa5 Ke6 42. Ra7 Rd7 43. Ra6 Rc7 44. Bb6 Rc8 45. Kf2 Kd5 46. Ra7 Ke6 47. Kf3 g5 48. Be3 f6 49. Bc5 Re8 50. Rc7 Kd5 51. Be7 Ra8 52. Kg3 Ke6 53. Bc5 Kd5 54. Be7 Ke6 55. Bb4 Ra6 56. Kh2 Kf5 57. Bc3 Kg6 58. Bd4 f5 59. Rg7+ Kh5 60. Bf6 g4 61. Rg5+ Kh6 62. Rxf5 1-0

[Event "AUT-ch U18"]
[Site "Woerth"]
[Date "2014.04.15"]
[Round "4"]
[White "Mostbauer, Maximilian"]
[Black "Kuhn, Michael"]
[Result "1-0"]
[WhiteElo "2103"]
[BlackElo "1857"]
[PlyCount "77"]
[EventDate "2014.04.13"]
[EventType "swiss"]
[EventRounds "7"]
[EventCountry "AUT"]
[SourceTitle "EXT 2015"]
[Source "ChessBase"]
[SourceDate "2014.11.20"]
[SourceVersion "1"]
[SourceVersionDate "2014.11.20"]
[SourceQuality "1"]

1. d4 d5 2. Nf3 Nf6 3. c4 c6 4. Nc3 dxc4 5. a4 Bf5 6. e3 e6 7. Bxc4 Bb4 8. 0-0 0-0 9. Qe2 Bg6 10. Rd1 Nbd7 11. Bd2 Qe7 12. Bd3 Bxd3 13. Qxd3 Rfd8 14. Ne4 Bxd2 15. Nxf6+ Nxf6 16. Rxd2 c5 17. Rad1 cxd4 18. Nxd4 Rd7 19. Qc2 a6 20. Nf3 Rxd2 21. Qxd2 Kf8 22. h3 Ke8 23. Qc2 Rd8 24. Rc1 h6 25. Ne5 Nd7 26. Nc4 Qc5 27. Rd1 b5 28. axb5 axb5 29. Nd6+ Ke7 30. Qd3 Qc6 31. Nxb5 Rb8 32. Nd4 Qd5 33. e4 Qb7 34. Qa3+ Ke8 35. Qd6 Rc8 36. Nxe6 fxe6 37. Qxe6+ Kd8 38. Qg8+ Kc7 39. Qxg7 1-0

[Event "AUT-ch U18"]
[Site "Woerth"]
[Date "2014.04.14"]
[Round "3"]
[White "Hribernig, Florian"]
[Black "Kuhn, Michael"]
[Result "1/2-1/2"]
[WhiteElo "1891"]
[BlackElo "1857"]
[PlyCount "65"]
[EventDate "2014.04.13"]
[EventType "swiss"]
[EventRounds "7"]
[EventCountry "AUT"]
[SourceTitle "EXT 2015"]
[Source "ChessBase"]
[SourceDate "2014.11.20"]
[SourceVersion "1"]
[SourceVersionDate "2014.11.20"]
[SourceQuality "1"]

1. d4 d5 2. c4 c6 3. e3 Bf5 4. Nc3 e6 5. Nf3 Nf6 6. Bd3 Bxd3 7. Qxd3 Be7 8. 0-0 0-0 9. e4 Re8 10. Re1 dxe4 11. Nxe4 Nbd7 12. Nxf6+ Bxf6 13. Qb3 Qb6 14. Be3 Qa6 15. Rac1 Red8 16. Red1 Nf8 17. Rd2 b6 18. Rcd1 Qb7 19. h3 Rac8 20. Ne5 Ng6 21. Nxg6 hxg6 22. Bf4 Rd7 23. Qe3 Be7 24. a3 Qa6 25. Qb3 Rcd8 26. d5 exd5 27. cxd5 cxd5 28. Rxd5 Qb7 29. Rxd7 Rxd7 30. Bg3 Bf6 31. Qc2 Kh7 32. Rxd7 Qxd7 33. b3 1/2-1/2

[Event "AUT-ch U18"]
[Site "Woerth"]
[Date "2014.04.13"]
[Round "1"]
[White "Ofner, Maximilian"]
[Black "Kuhn, Michael"]
[Result "1/2-1/2"]
[WhiteElo "2077"]
[BlackElo "1857"]
[PlyCount "137"]
[EventDate "2014.04.13"]
[EventType "swiss"]
[EventRounds "7"]
[EventCountry "AUT"]
[SourceTitle "EXT 2015"]
[Source "ChessBase"]
[SourceDate "2014.11.20"]
[SourceVersion "1"]
[SourceVersionDate "2014.11.20"]
[SourceQuality "1"]

1. e4 c5 2. Nf3 e6 3. d3 d5 4. Qe2 d4 5. g3 Nc6 6. e5 Nge7 7. Bg2 Ng6 8. 0-0 Qc7 9. Re1 Be7 10. h4 Bd7 11. Nbd2 h6 12. Nf1 Bd8 13. c4 0-0 14. h5 Nge7 15. N1h2 Nf5 16. g4 Nh4 17. Nxh4 Bxh4 18. Nf3 Qd8 19. Bf4 f5 20. exf6 Bxf6 21. Bd6 Be7 22. Be5 Qb6 23. b3 Bf6 24. Bxf6 Rxf6 25. Ne5 Nxe5 26. Qxe5 Raf8 27. Re2 Bc6 28. Bxc6 Qxc6 29. Rf1 Qf3 30. Qe4 Qxe4 31. Rxe4 Rf4 32. Rxf4 Rxf4 33. f3 Kf7 34. Kg2 e5 35. a3 Rf6 36. b4 b6 37. Kg3 Ke7 38. Rb1 cxb4 39. axb4 Kd6 40. Ra1 Rf7 41. Ra6 Kc6 42. Ra2 Kd6 43. b5 Ke6 44. Rf2 Rf4 45. Re2 Kd6 46. Ra2 Rf7 47. Ra1 Ke6 48. Re1 Rf4 49. Kf2 Kd6 50. Rg1 Rf7 51. g5 hxg5 52. Rxg5 Re7 53. Kg3 Kc5 54. Kg4 Kb4 55. Kf5 Kc3 56. Ke4 Kd2 57. Rg2+ Kc3 58. Rg5 Kd2 59. Rg1 Kc2 60. f4 exf4+ 61. Kxd4 Rd7+ 62. Ke4 f3 63. d4 f2 64. Rf1 Kc3 65. Rxf2 Rxd4+ 66. Ke3 Rd3+ 67. Ke4 Rd4+ 68. Ke3 Rd7 69. Rf4 1/2-1/2